Truyền thống đấu tranh chống ngoại xâm của nhân dân tỉnh Hà Tĩnh và vận dụng vào giáo dục lòng yêu nước cho học sịnh THPT

Tìm hiểu khái quát về vị trí địa lý, dân số, con người, kinh tế, văn hóa xã hội của tỉnh Hà Tĩnh. Tìm hiểu truyền thống đấu tranh chống ngoại xâm của nhân dân tỉnh Hà Tĩnh. Những giải pháp để giáo dục lòng yêu nước cho học sinh THPT....

Celý popis

Uloženo v:
Podrobná bibliografie
Hlavní autor: Đinh Thị Long (Tác giả)
Další autoři: Nguyễn Tiến Lương Th.S (Hướng dẫn)
Médium: Kniha
Jazyk:Vietnamese
Vydáno: Đà Nẵng Đại học Sư phạm, Đại học Đà Nẵng 2012
Témata:
Tagy: Přidat tag
Žádné tagy, Buďte první, kdo otaguje tento záznam!
Thư viện lưu trữ: Mạng thư viện Đại học Đà Nẵng
LEADER 01497nam a2200313 4500
001 000016762
003 13170
005 20121225141250.0
008 121225s2012 viesd
041 0 |a vie 
082 |a 324.2597071  |b ĐI-L 
100 0 |a Đinh Thị Long  |e Tác giả 
245 0 |a Truyền thống đấu tranh chống ngoại xâm của nhân dân tỉnh Hà Tĩnh và vận dụng vào giáo dục lòng yêu nước cho học sịnh THPT  |c Đinh Thị Long 
260 |a Đà Nẵng  |b Đại học Sư phạm, Đại học Đà Nẵng  |c 2012 
300 |a 65 tr.  |c 29 cm.  |e Đĩa CD 
500 |a Khóa luận tốt nghiệp đại học. Chuyên ngành: Sư phạm Giáo dục chính trị 
504 |a Mục lục đầu trang, tài liệu tham khảo tr.64 - 65 
520 |a Tìm hiểu khái quát về vị trí địa lý, dân số, con người, kinh tế, văn hóa xã hội của tỉnh Hà Tĩnh. Tìm hiểu truyền thống đấu tranh chống ngoại xâm của nhân dân tỉnh Hà Tĩnh. Những giải pháp để giáo dục lòng yêu nước cho học sinh THPT. 
650 |a Khóa luận tốt nghiệp đại học 
650 |a Giáo dục chính trị 
700 |a Nguyễn Tiến Lương  |c Th.S  |e Hướng dẫn 
OWN |a LSP 
999 |a From the UDN01 
TYP |a Monograph 
TYP |a Printed language 
980 |a Mạng thư viện Đại học Đà Nẵng